000 00379nam a22001457a 4500
020 _a0-07-004667-0
082 _a660.2842 BEN'M
100 _aMYERS, J. E,BENNETT, C. O
_977916
245 _aMOMENTUM HEAT AND MASS TRANSFER
250 _a2ND
260 _aNEWYORK
_bMCGRAW HILL
_c1974
300 _a810P
650 _aTRANSPORT THEORY CHEMICAL ENGINEERING
_977917
942 _cBK
999 _c583095
_d583095